[Event "World Youth Open U16 2016"]
[Site "Khanty-Mansiysk RUS"]
[Date "2016.09.29"]
[Round "7.19"]
[White "Riess, Alexander"]
[Black "Saydaliev, Saidakbar"]
[Result "1/2-1/2"]
[WhiteTitle "FM"]
[WhiteElo "2227"]
[BlackElo "2403"]
[WhiteFideId "12953326"]
[BlackFideId "14203693"]
[EventDate "2016.09.22"]

1. d4 e6 2. c4 d5 3. Nc3 c6 4. Nf3 dxc4 5. e3 b5 6. a4 Bb4 7. Bd2 Bxc3 8. Bxc3
a5 9. axb5 cxb5 10. b3 Bb7 11. bxc4 b4 12. Bb2 Nf6 13. Bd3 O-O 14. O-O Nbd7 15.
Nd2 e5 16. Bc2 Qc7 17. Ba4 Rfd8 18. Qe2 exd4 19. exd4 Bc6 20. c5 Nd5 21. Qf3 Ra6
22. Nc4 Ba8 23. Nd6 N7f6 24. Qf5 Bc6 25. Qf3 Qd7 26. Qb3 Rda8 27. Rfe1 h6 28.
Nc4 Bxa4 29. Qxa4 Qg4 30. Ne5 Qf5 31. g3 Ne4 32. f3 Nec3 33. Bxc3 Nxc3 34. Qb3
Rd8 35. Qc4 Qe6 36. Qd3 Raa8 37. Nc4 Qd5 38. Nb6 Qc6 39. Nxa8 Rxa8 40. Kg2 a4
41. Qc4 Nd5 42. Re5 Rd8 43. Rxd5 Qxd5 44. Qxd5 Rxd5 45. Rxa4 Rxd4 46. c6 Rc4 47.
c7 Rxc7 48. Rxb4 Kh7 1/2-1/2

[Event "World Youth Open U16 2016"]
[Site "Khanty-Mansiysk RUS"]
[Date "2016.09.29"]
[Round "7.20"]
[White "Makhnyov, Denis"]
[Black "Anaskin, Arsenij"]
[Result "1-0"]
[WhiteTitle "FM"]
[WhiteElo "2375"]
[BlackElo "2153"]
[WhiteFideId "13707647"]
[BlackFideId "357790"]
[EventDate "2016.09.22"]

1. Nf3 Nf6 2. c4 e6 3. g3 a6 4. Bg2 b5 5. Nc3 b4 6. Na4 Bb7 7. d4 d6 8. O-O Nbd7
9. d5 exd5 10. Nh4 Ne4 11. cxd5 Ndf6 12. f3 Nc5 13. Nxc5 dxc5 14. e4 g6 15. Bh3
c6 16. Bg5 h6 17. Bxf6 Qxf6 18. e5 Qd8 19. d6 Bc8 20. Bxc8 Rxc8 21. Rc1 Bg7 22.
Rxc5 O-O 23. Qd4 Re8 24. d7 Rf8 25. Nxg6 1-0

[Event "World Youth Open U16 2016"]
[Site "Khanty-Mansiysk RUS"]
[Date "2016.09.29"]
[Round "7.22"]
[White "Urban, Konstantin"]
[Black "Donoso Diaz, Sebastian"]
[Result "1-0"]
[BlackTitle "FM"]
[WhiteElo "2361"]
[BlackElo "2005"]
[WhiteFideId "12927511"]
[BlackFideId "3416097"]
[EventDate "2016.09.22"]

1. d4 Nf6 2. c4 g6 3. Nc3 Bg7 4. e4 d6 5. Bd3 O-O 6. Nge2 Nc6 7. O-O e5 8. d5
Nd4 9. Nxd4 exd4 10. Ne2 Nd7 11. Bc2 Ne5 12. Nxd4 Nxc4 13. Rb1 Bd7 14. b3 Nb6
15. Bb2 a5 16. a4 Re8 17. Qd2 c6 18. dxc6 bxc6 19. Bd3 c5 20. Nb5 Bxb2 21. Qxb2
Be6 22. Rbd1 Rc8 23. Bc2 d5 24. Qc3 d4 25. Qxa5 Nd7 26. Qd2 Ne5 27. h3 d3 28. f4
dxc2 29. Qxc2 Qb6 30. fxe5 Bxb3 31. Qf2 Rxe5 32. Rd6 Qb7 33. Qb2 Qxe4 34. Qxb3
c4 35. Qf3 Qxf3 36. Rxf3 Re4 37. Kf2 Re1 38. Nc3 1-0

[Event "World Youth Open U16 2016"]
[Site "Khanty-Mansiysk RUS"]
[Date "2016.09.29"]
[Round "7.23"]
[White "Zamar Kodelja, Jurij"]
[Black "Lodici, Lorenzo"]
[Result "1/2-1/2"]
[BlackTitle "FM"]
[WhiteElo "2126"]
[BlackElo "2359"]
[WhiteFideId "14609649"]
[BlackFideId "884189"]
[EventDate "2016.09.22"]

1. d4 f5 2. c4 Nf6 3. g3 g6 4. Bg2 Bg7 5. Nf3 O-O 6. O-O d6 7. Nc3 Qe8 8. d5 Na6
9. Nd4 Bd7 10. b3 c6 11. Bb2 Nc7 12. Qd2 Rb8 13. Rad1 c5 14. Nf3 b5 15. cxb5
Nxb5 16. Nxb5 Rxb5 17. Ng5 a5 18. Ne6 Bxe6 19. dxe6 a4 20. Bxf6 Bxf6 21. Bd5
axb3 22. axb3 Qb8 23. Qd3 Rb4 24. e3 Qb6 25. Rd2 Rb8 26. Rb1 Qa5 27. Rc2 R8b6
28. Bc4 Ra4 29. Qd5 Ra3 30. h4 Kg7 31. h5 Ra1 32. Rxa1 Qxa1+ 33. Kg2 Rb8 34. Rd2
Qb1 35. Rd3 Qc2 36. Rd2 Qb1 37. Rd3 1/2-1/2

[Event "World Youth Open U16 2016"]
[Site "Khanty-Mansiysk RUS"]
[Date "2016.09.29"]
[Round "7.24"]
[White "Stabulnieks, Klavs"]
[Black "Mesaros, Florian"]
[Result "1-0"]
[BlackTitle "FM"]
[WhiteElo "2069"]
[BlackElo "2321"]
[WhiteFideId "11603984"]
[BlackFideId "1629220"]
[EventDate "2016.09.22"]

1. d4 d5 2. c4 e6 3. Nc3 c6 4. Nf3 Nf6 5. Bg5 Nbd7 6. e3 h6 7. Bh4 g5 8. Bg3 Nh5
9. Be5 Nhf6 10. g4 Nxe5 11. Nxe5 Bg7 12. h4 Nd7 13. Nxd7 Bxd7 14. hxg5 hxg5 15.
Rxh8+ Bxh8 16. Qc2 a6 17. O-O-O Rc8 18. Na4 dxc4 19. Nc5 b5 20. Qh7 Ke7 21. Ne4
Qg8 22. Qh2 e5 23. dxe5 Bxg4 24. Rd6 Be6 25. f4 Qg6 26. Nc5 Bg7 27. Qd2 Kf8 28.
Rd8+ 1-0

[Event "World Youth Open U16 2016"]
[Site "Khanty-Mansiysk RUS"]
[Date "2016.09.29"]
[Round "7.25"]
[White "Yordanov, Lachezar"]
[Black "Bold, Khosbayar"]
[Result "1/2-1/2"]
[WhiteElo "2300"]
[BlackElo "1926"]
[WhiteFideId "2918927"]
[BlackFideId "4903692"]
[EventDate "2016.09.22"]

1. d4 Nf6 2. c4 e6 3. Nf3 d5 4. Nc3 Be7 5. Bg5 Nbd7 6. cxd5 exd5 7. Qc2 c6 8. e3
O-O 9. Bd3 b6 10. Ne5 Nxe5 11. dxe5 Ng4 12. Bxe7 Qxe7 13. Bxh7+ Kh8 14. Bf5 Qxe5
15. Bxc8 Raxc8 16. h3 Nf6 17. O-O c5 18. Qa4 Rc7 19. Rad1 Rd7 20. Rd2 Rfd8 21.
Rfd1 Kg8 22. Rd3 g6 23. a3 d4 24. Ne2 Rd6 25. Kf1 dxe3 26. Rxd6 Rxd6 27. Rxd6
Qxd6 28. fxe3 Qd2 29. Qb3 Ne4 30. g4 a6 31. a4 a5 32. h4 Qd8 33. Qc2 Nd2+ 34.
Ke1 Nf3+ 35. Kf2 Ne5 36. Kg3 Qd5 37. Ng1 Nc4 38. Qc3 Qe4 39. Nf3 Nxe3 40. Qf6
Qxg4+ 41. Kf2 Nf5 42. Ne5 Qxh4+ 43. Qxh4 Nxh4 44. Nd7 Nf5 45. Nxb6 Nd6 46. Nd7
Nb7 47. Kf3 Kg7 48. Kf4 f6 49. Ke4 Kf7 50. Kd5 Ke7 51. Nb6 Nd6 52. Kxc5 Ke6 53.
Nd5 g5 54. b4 axb4 55. Nxb4 g4 56. Kd4 f5 57. Nd3 Kf6 58. a5 Kg5 59. a6 g3 60.
Ke3 Kg4 61. Ne5+ Kh3 62. a7 Nc4+ 63. Nxc4 g2 64. a8=Q g1=Q+ 65. Kd3 Qf1+ 66. Kc3 1/2-1/2

[Event "World Youth Open U16 2016"]
[Site "Khanty-Mansiysk RUS"]
[Date "2016.09.29"]
[Round "7.26"]
[White "D'Avino, Gianfranco"]
[Black "Askerov, Marat"]
[Result "0-1"]
[BlackTitle "FM"]
[WhiteElo "2085"]
[BlackElo "2299"]
[WhiteFideId "884979"]
[BlackFideId "24175200"]
[EventDate "2016.09.22"]

1. d4 Nf6 2. c4 e6 3. Nf3 Bb4+ 4. Nbd2 O-O 5. a3 Be7 6. e4 d5 7. e5 Nfd7 8. Bd3
c5 9. Qc2 h6 10. O-O Nc6 11. Re1 a5 12. cxd5 exd5 13. Bf5 cxd4 14. Nb3 Qb6 15.
e6 Nf6 16. exf7+ Rxf7 17. Bxc8 Rxc8 18. Nbxd4 Ng4 19. Ne6 Bd6 20. h3 Nd8 21. Qe2
Nxe6 22. hxg4 Nd4 23. Nxd4 Qxd4 24. Be3 Qe5 25. f3 d4 26. Bf2 Qh2+ 27. Kf1 Qh1+
28. Bg1 d3 29. Qxd3 Bc5 30. Re3 Bxe3 31. Qxe3 Rc2 32. Rd1 Qxg2+ 33. Ke1 Qxf3 34.
Rd8+ Kh7 0-1

[Event "World Youth Open U16 2016"]
[Site "Khanty-Mansiysk RUS"]
[Date "2016.09.29"]
[Round "7.27"]
[White "Thilakarathne, G M S"]
[Black "Roshka, Yevgeniy"]
[Result "0-1"]
[WhiteElo "1900"]
[BlackElo "2275"]
[WhiteFideId "9913475"]
[BlackFideId "14129558"]
[EventDate "2016.09.22"]

1. e4 c5 2. Nf3 d6 3. d4 cxd4 4. Nxd4 Nf6 5. Nc3 g6 6. Be3 Bg7 7. f3 a6 8. Qd2
b5 9. a4 b4 10. Na2 a5 11. c3 bxc3 12. Nxc3 O-O 13. Be2 Nfd7 14. O-O Nc5 15. Bc4
Bb7 16. Nd5 Nc6 17. Nb3 Ne5 18. Bxc5 Nxc4 19. Qc2 dxc5 20. Qxc4 Ba6 21. Qxc5
Bxf1 22. Nxe7+ Kh8 23. Rxf1 Qd3 24. Qd5 Qe3+ 25. Kh1 Rae8 26. Nc6 f5 27. e5 Bxe5
28. Nbxa5 Bxb2 29. Nc4 Qe2 30. Rg1 Bg7 31. Nd6 Qe6 32. Qd2 Qd7 33. Qd5 Rf6 34.
Ne5 Rxe5 35. Qxe5 Rxd6 36. Qb5 Qxb5 37. axb5 0-1

[Event "World Youth Open U16 2016"]
[Site "Khanty-Mansiysk RUS"]
[Date "2016.09.29"]
[Round "7.29"]
[White "Savic, Mihailo S"]
[Black "Tifferet, Shaked"]
[Result "1/2-1/2"]
[BlackTitle "FM"]
[WhiteElo "2067"]
[BlackElo "2220"]
[WhiteFideId "919934"]
[BlackFideId "2811529"]
[EventDate "2016.09.22"]

1. e4 c5 2. Nf3 d6 3. c3 Nf6 4. Be2 g6 5. O-O Bg7 6. Bb5+ Nc6 7. Re1 O-O 8. h3
Bd7 9. Ba4 e5 10. d4 exd4 11. cxd4 Nxd4 12. Nxd4 cxd4 13. Qxd4 Qa5 14. Nc3 Ne8
15. e5 Bxa4 16. Qxa4 Qxa4 17. Nxa4 dxe5 18. Be3 Nf6 19. Red1 b6 20. Nc3 Rfd8 21.
Kf1 Kf8 22. a4 Rxd1+ 23. Rxd1 Rb8 24. Nb5 Rb7 25. Rd8+ Ke7 26. Ra8 a5 27. Ra6
Nd5 28. Nc3 Nxe3+ 29. fxe3 Kd6 30. Ra8 f5 31. Rd8+ Rd7 32. Nb5+ Kc6 33. Rc8+ Kb7
34. Rc2 e4 1/2-1/2

[Event "World Youth Open U16 2016"]
[Site "Khanty-Mansiysk RUS"]
[Date "2016.09.29"]
[Round "7.30"]
[White "Hiebert, Kenji"]
[Black "Turar, Dastan"]
[Result "0-1"]
[WhiteElo "2066"]
[BlackElo "2205"]
[WhiteFideId "7001959"]
[BlackFideId "13707639"]
[EventDate "2016.09.22"]

1. e4 c5 2. Nf3 d6 3. Bb5+ Bd7 4. Bxd7+ Qxd7 5. O-O Nc6 6. c3 Nf6 7. Re1 e6 8.
d4 cxd4 9. cxd4 d5 10. e5 Ne4 11. Nbd2 Nxd2 12. Bxd2 Be7 13. Bg5 O-O 14. Bxe7
Qxe7 15. Re3 a5 16. Rc1 a4 17. Rec3 Qb4 18. b3 h6 19. h3 Rfb8 20. Qd2 axb3 21.
axb3 Ra3 22. Rb1 Rba8 23. Kh2 Ra2 24. Rb2 Ra1 25. Rd3 Qxd2 26. Rdxd2 Nb4 27. Ng1
Rf1 28. f3 Rc1 29. Ne2 Kf8 30. Kg3 Ke7 31. Kf4 g6 32. Ke3 h5 33. Kf4 g5+ 34.
Kxg5 Rg8+ 35. Kxh5 Rxg2 36. Nf4 Rxd2 37. Rxd2 Rc3 38. Kg4 0-1

[Event "World Youth Open U16 2016"]
[Site "Khanty-Mansiysk RUS"]
[Date "2016.09.29"]
[Round "7.31"]
[White "Kalinouski, Siarhei"]
[Black "Garbowski, Jakub"]
[Result "1-0"]
[WhiteElo "2169"]
[BlackElo "2030"]
[WhiteFideId "13507060"]
[BlackFideId "1164929"]
[EventDate "2016.09.22"]

1. e4 c5 2. Nf3 e6 3. d4 cxd4 4. Nxd4 Nf6 5. Nc3 d6 6. Be2 Be7 7. O-O a6 8. f4
Qc7 9. a4 O-O 10. Bf3 Nc6 11. Be3 Na5 12. Kh1 Nc4 13. Bc1 Re8 14. g4 Bf8 15. g5
Nd7 16. Bg2 g6 17. Nb3 b6 18. Rf3 Bb7 19. Rh3 Bg7 20. Nd2 Nxd2 21. Bxd2 f5 22.
Qe2 fxe4 23. Bxe4 d5 24. Bg2 Rad8 25. Qf2 Rf8 26. Rf1 Bc6 27. b3 Qb7 28. Qe1 e5
29. fxe5 Bxe5 30. Qh4 1-0

[Event "World Youth Open U16 2016"]
[Site "Khanty-Mansiysk RUS"]
[Date "2016.09.29"]
[Round "7.32"]
[White "German, Nikita"]
[Black "Khodashneli, Shota"]
[Result "1/2-1/2"]
[WhiteElo "2106"]
[BlackElo "1926"]
[WhiteFideId "24175501"]
[BlackFideId "13616757"]
[EventDate "2016.09.22"]

1. d4 Nf6 2. c4 g6 3. Nc3 d5 4. Nf3 Bg7 5. g3 O-O 6. Bg2 dxc4 7. Qa4 a6 8. Qxc4
b5 9. Qb3 Bb7 10. O-O Nc6 11. Rd1 Na5 12. Qb4 Nc6 13. Qb3 Na5 14. Qb4 Nc6 15.
Qb3 1/2-1/2

[Event "World Youth Open U16 2016"]
[Site "Khanty-Mansiysk RUS"]
[Date "2016.09.29"]
[Round "7.33"]
[White "Svidersky, Nikita"]
[Black "Poleg, Dan"]
[Result "0-1"]
[WhiteElo "1979"]
[BlackElo "2321"]
[WhiteFideId "13513133"]
[BlackFideId "2812398"]
[EventDate "2016.09.22"]

1. e4 e5 2. Nf3 Nc6 3. Bb5 g6 4. c3 Bg7 5. d4 exd4 6. cxd4 a6 7. Bxc6 dxc6 8.
Nc3 Ne7 9. O-O O-O 10. Be3 h6 11. Qd2 Kh7 12. Ne5 Be6 13. f3 c5 14. Rad1 cxd4
15. Bxd4 b6 16. Qf2 Qc8 17. f4 c5 18. Be3 Qc7 19. Qh4 Rad8 20. Nf3 f6 21. g4 Kg8
22. f5 g5 23. Nxg5 hxg5 24. Bxg5 fxg5 25. Qxg5 Rxd1 26. Rxd1 Bc8 27. Kg2 Qe5 28.
h4 b5 29. h5 Qf6 30. Qxf6 Bxf6 31. Kf3 Bd4 32. Kg3 Bb7 33. Kf4 Rd8 34. Re1 b4
35. Nd1 Nc6 36. g5 Ne5 37. Re2 Nd3+ 38. Kf3 Re8 39. b3 Nc1 40. Re1 Nd3 41. Re2
Re5 42. h6 Rxf5+ 43. Kg4 Rf4+ 44. Kh5 Bxe4 45. Ne3 Bf3+ 0-1

[Event "World Youth Open U16 2016"]
[Site "Khanty-Mansiysk RUS"]
[Date "2016.09.29"]
[Round "7.34"]
[White "Shkurkin, Andrey"]
[Black "Plaza Reino, Agustin"]
[Result "1-0"]
[WhiteTitle "FM"]
[WhiteElo "2190"]
[BlackElo "1891"]
[WhiteFideId "34179647"]
[BlackFideId "32083483"]
[EventDate "2016.09.22"]

1. d4 d5 2. c4 e6 3. Nf3 Nf6 4. g3 dxc4 5. Bg2 a6 6. O-O Nc6 7. Nc3 Rb8 8. e4
Be7 9. d5 Nb4 10. Ne5 exd5 11. Nxd5 Nbxd5 12. exd5 O-O 13. Nxc4 Bg4 14. Qd4 Bh5
15. Bf4 Nd7 16. Rac1 Bc5 17. Qc3 g5 18. Be3 Bxe3 19. Nxe3 Rc8 20. Nf5 Nf6 21. d6
cxd6 22. Qxc8 1-0

[Event "World Youth Open U16 2016"]
[Site "Khanty-Mansiysk RUS"]
[Date "2016.09.29"]
[Round "7.36"]
[White "Mohammad, Fahim"]
[Black "Petersen, Caleb"]
[Result "1-0"]
[WhiteElo "2090"]
[BlackElo "1884"]
[WhiteFideId "10206248"]
[BlackFideId "2622734"]
[EventDate "2016.09.22"]

1. d4 Nf6 2. Nf3 b5 3. a4 b4 4. c3 e6 5. Bg5 Bb7 6. e3 c5 7. cxb4 cxb4 8. a5 a6
9. Nbd2 Nc6 10. Nc4 Be7 11. Be2 O-O 12. O-O d5 13. Nb6 Rb8 14. Qa4 h6 15. Bxf6
Bxf6 16. Rfc1 Qd6 17. Bxa6 Nxd4 18. Nxd4 Bxa6 19. Rc6 Qd8 20. Qxb4 Be7 21. Qa4
Qe8 22. Rcc1 Qxa4 23. Rxa4 Rb7 24. b4 Bd3 25. Rc3 Bc4 26. f3 e5 27. Nc6 Bb5 28.
Nxe7+ Rxe7 29. Ra1 d4 30. Rc5 Be2 31. Kf2 d3 32. Nd5 Ra7 33. Nc3 Rb8 34. b5 f6
35. Nxe2 dxe2 36. Kxe2 Kf7 37. a6 Rb6 38. Kd3 Ke6 39. Kc4 Rd6 40. Rc6 Kd7 41.
Rxd6+ Kxd6 1-0

[Event "World Youth Open U16 2016"]
[Site "Khanty-Mansiysk RUS"]
[Date "2016.09.29"]
[Round "7.37"]
[White "Chumak, Dmitrii"]
[Black "Lintner, Igor"]
[Result "0-1"]
[WhiteElo "1791"]
[BlackElo "2065"]
[WhiteFideId "34106658"]
[BlackFideId "14932970"]
[EventDate "2016.09.22"]

1. e4 e6 2. d4 d5 3. exd5 exd5 4. Nf3 Nc6 5. Be2 Bd6 6. O-O Nge7 7. Bg5 f6 8.
Bh4 Be6 9. Re1 Qd7 10. Bb5 O-O-O 11. Kh1 h5 12. Nbd2 Rdg8 13. c4 Bb4 14. h3 Bxh3
15. Ng1 Bxg2+ 16. Kxg2 g5 17. Bg3 h4 18. Qc2 hxg3 19. fxg3 f5 20. Re2 f4 21.
Rae1 Nf5 22. Bxc6 bxc6 23. Qa4 Qh7 24. Ndf3 Qh1+ 25. Kf2 Rh2+ 0-1

[Event "World Youth Open U16 2016"]
[Site "Khanty-Mansiysk RUS"]
[Date "2016.09.29"]
[Round "7.38"]
[White "Voinikonis, Nikita"]
[Black "Herath, H M A K"]
[Result "1-0"]
[WhiteElo "2055"]
[BlackElo "1860"]
[WhiteFideId "34187500"]
[BlackFideId "9910859"]
[EventDate "2016.09.22"]

1. d4 d5 2. c4 e6 3. Nf3 Nf6 4. g3 Be7 5. Bg2 O-O 6. O-O b6 7. Qc2 Bb7 8. Rd1
Nbd7 9. Ne5 c5 10. Bf4 Qc8 11. Qa4 cxd4 12. cxd5 Nxe5 13. Bxe5 Bxd5 14. Bxd5
Nxd5 15. Bxd4 Rd8 16. e4 Nb4 17. Nc3 Qb7 18. a3 Nc6 19. Be3 Rac8 20. Qb5 Na5 21.
b4 Nc6 22. f4 Nb8 23. Rxd8+ Rxd8 24. Kf2 Qc6 25. Rc1 Kf8 26. Qxc6 Nxc6 27. Nb5
Nb8 28. Nxa7 Nd7 29. Nc8 b5 30. Na7 Rb8 31. Rc7 1-0

[Event "World Youth Open U16 2016"]
[Site "Khanty-Mansiysk RUS"]
[Date "2016.09.29"]
[Round "7.39"]
[White "Min, Po-Yen"]
[Black "Zubehhin, Aleksei"]
[Result "1-0"]
[WhiteElo "1842"]
[BlackElo "1866"]
[WhiteFideId "16300203"]
[BlackFideId "4503554"]
[EventDate "2016.09.22"]

1. e4 e6 2. d4 d5 3. Nd2 Nf6 4. e5 Nfd7 5. Bd3 c5 6. c3 Nc6 7. Ne2 f6 8. exf6
Nxf6 9. O-O Qb6 10. Nf3 Bd6 11. Rb1 O-O 12. Bf4 Bxf4 13. Nxf4 cxd4 14. cxd4 Qc7
15. Ne2 e5 16. dxe5 Nxe5 17. Nxe5 Qxe5 18. Ng3 h5 19. Qe2 Qd4 20. Rbd1 Qh4 21.
Bg6 Bg4 22. f3 Bd7 23. Qe5 Be8 24. Rd4 1-0

[Event "World Youth Open U16 2016"]
[Site "Khanty-Mansiysk RUS"]
[Date "2016.09.29"]
[Round "7.41"]
[White "Van Der Lingen, Cornelis Petrus"]
[Black "Maerevoet, Sim"]
[Result "1-0"]
[WhiteElo "1826"]
[BlackElo "1771"]
[WhiteFideId "14306620"]
[BlackFideId "241725"]
[EventDate "2016.09.22"]

1. e4 c5 2. Nf3 e6 3. d4 cxd4 4. Nxd4 Bc5 5. Nb3 Bb6 6. Bd3 Ne7 7. Nc3 O-O 8.
O-O f5 9. Bg5 fxe4 10. Bxe4 d5 11. Bf3 Nbc6 12. Qe2 Qc7 13. Nb5 Qb8 14. g3 Kh8
15. Be3 Bxe3 16. fxe3 Bd7 17. e4 Qe5 18. c3 a6 19. N5d4 Nxd4 20. Nxd4 Qd6 21.
exd5 exd5 22. Bg2 Nc6 23. Rad1 Rxf1+ 24. Qxf1 Rf8 25. Qe2 Ne5 26. Nf3 Bg4 27.
Rf1 Re8 28. Nxe5 Be6 29. Nf3 Bd7 30. Qf2 h6 1-0

[Event "World Youth Open U16 2016"]
[Site "Khanty-Mansiysk RUS"]
[Date "2016.09.29"]
[Round "7.42"]
[White "Wang, Ting-Hao"]
[Black "Hsieh, Wen-Chin"]
[Result "1-0"]
[WhiteElo "1618"]
[BlackElo "1063"]
[WhiteFideId "16300602"]
[BlackFideId "16301013"]
[EventDate "2016.09.22"]

1. e4 e5 2. Nf3 Nc6 3. d4 exd4 4. Nxd4 Bc5 5. Be3 Qf6 6. c3 Nge7 7. Bc4 O-O 8.
O-O Rd8 9. Nxc6 Bxe3 10. Nxe7+ Qxe7 11. fxe3 c6 12. Rxf7 Qg5 13. Rxd7+ Kf8 14.
Qf3+ Qf6 15. Rf7+ Ke8 16. Rxf6 1-0

[Event "World Youth Open U16 2016"]
[Site "Khanty-Mansiysk RUS"]
[Date "2016.09.30"]
[Round "8.1"]
[White "Maghsoodloo, Parham"]
[Black "Martirosyan, Haik M."]
[Result "1/2-1/2"]
[BlackTitle "IM"]
[WhiteElo "2566"]
[BlackElo "2470"]
[WhiteFideId "12539929"]
[BlackFideId "13306553"]
[EventDate "2016.09.22"]

1. Nf3 Nf6 2. g3 b5 3. Bg2 Bb7 4. d4 e6 5. a4 b4 6. c4 c5 7. dxc5 Na6 8. O-O
Nxc5 9. Be3 Be7 10. Nbd2 O-O 11. Bxc5 Bxc5 12. e3 Rc8 13. Qb3 Qe7 14. Rfd1 Rfd8
15. Ne5 d6 16. Bxb7 Qxb7 17. Nef3 d5 18. Rac1 d4 19. exd4 Bxd4 20. Nxd4 Rxd4 21.
Nf3 Rxd1+ 22. Rxd1 Qe4 23. Rd4 Qe2 24. Qd3 Qxd3 25. Rxd3 Ne4 26. Rd7 h5 27. b3
Nc5 28. Rxa7 Nxb3 29. Rb7 Na5 30. Rxb4 Nxc4 31. Kg2 e5 32. Ng5 f6 33. Ne4 Rc7
34. h3 Kf8 35. Rb5 Ke7 36. Rc5 Rxc5 37. Nxc5 Kd6 38. Nb3 Kc6 39. Kf3 f5 40. h4
Nb6 41. a5 Nd5 42. Ke2 Kb5 43. Kd3 Nb4+ 44. Kd2 Nd5 45. Kd3 Nb4+ 1/2-1/2

[Event "World Youth Open U16 2016"]
[Site "Khanty-Mansiysk RUS"]
[Date "2016.09.30"]
[Round "8.2"]
[White "Tabatabaei, M.amin"]
[Black "Triapishko, Olexandr"]
[Result "0-1"]
[WhiteTitle "IM"]
[WhiteElo "2493"]
[BlackElo "2458"]
[WhiteFideId "12521213"]
[BlackFideId "14122286"]
[EventDate "2016.09.22"]

1. e4 e5 2. Nf3 Nc6 3. Bb5 a6 4. Ba4 d6 5. O-O Bd7 6. c4 g6 7. d4 Bg7 8. d5 Nd4
9. Bxd7+ Qxd7 10. Nxd4 exd4 11. Nd2 Ne7 12. Nf3 c5 13. dxc6 Nxc6 14. b3 O-O 15.
Bb2 Rae8 16. Re1 f5 17. exf5 Qxf5 18. Qd2 Re4 19. Rxe4 Qxe4 20. Re1 Qf4 21. Qxf4
Rxf4 22. Re6 Be5 23. Re8+ Rf8 24. Rxf8+ Kxf8 25. Ne1 Nb4 26. a3 d3 27. Bc1 Bc3
28. Kf1 d2 29. Bxd2 Bxd2 30. axb4 Bxb4 31. Nd3 Bc3 32. Ke2 Ke7 33. Ke3 Kd7 34.
Nf4 Be5 35. Nd5 Bxh2 36. g3 Kc6 37. Nb4+ Kb6 38. Nd3 a5 39. Kf3 Kc6 40. Kg2 Bxg3
41. fxg3 d5 42. c5 h5 43. Kf3 g5 44. g4 h4 45. Ne5+ Kxc5 46. Nf7 b5 47. Nxg5 a4
48. Ne6+ Kd6 49. Nd4 Ke5 50. Nc6+ Kf6 51. Nb4 d4 52. bxa4 bxa4 53. Nd5+ Kf7 0-1

[Event "World Youth Open U16 2016"]
[Site "Khanty-Mansiysk RUS"]
[Date "2016.09.30"]
[Round "8.3"]
[White "Pultinevicius, Paulius"]
[Black "Moroni, Luca Jr"]
[Result "1-0"]
[BlackTitle "FM"]
[WhiteElo "2351"]
[BlackElo "2459"]
[WhiteFideId "12809390"]
[BlackFideId "865834"]
[EventDate "2016.09.22"]

1. Nf3 d5 2. g3 Nf6 3. Bg2 e6 4. O-O c5 5. c4 d4 6. d3 Nc6 7. e3 h6 8. exd4 cxd4
9. Re1 Bd6 10. Na3 O-O 11. Nc2 a5 12. a3 e5 13. b3 Re8 14. Nd2 Bf5 15. Qe2 Bg6
16. Ne4 Nxe4 17. dxe4 Qd7 18. Rd1 f6 19. Bf3 Rf8 20. c5 Be7 21. Rb1 Qe6 22. b4
axb4 23. axb4 Ra2 24. Qd3 Kh8 25. b5 Nb8 26. Nb4 Ra7 27. Qc2 Rc8 28. Nd3 Nd7 29.
Qe2 Bxc5 30. Bg4 Qf7 31. b6 Ra2 32. Bd2 Bd6 33. Rb5 Rc6 34. f4 Qe7 35. Bxd7 Qxd7
36. fxe5 fxe5 37. Nxe5 Bxe5 38. Rxe5 Rcc2 39. Rd5 Qe6 40. Rxd4 Qxb6 41. Qf2 Bh5
42. Re1 Bg4 43. e5 Bh3 44. Rd1 Kg8 45. Qe3 Bg4 46. e6 Bxe6 47. Re1 Bf5 48. Qf2
Bg6 49. g4 Kh7 50. h4 h5 51. gxh5 Bxh5 52. Re5 Ra1+ 53. Kh2 Qc7 54. Qf4 Kg8 55.
Qg5 Bf7 56. h5 Ra5 57. Rd8+ Kh7 58. Qf5+ g6 59. hxg6+ Kg7 60. Kh3 Rxe5 61. Bh6+
Kxh6 62. Rh8+ Kg7 63. Rh7+ Kf8 64. Rxf7+ Ke8 65. Rf8+ Ke7 66. Qf6+ Kd7 67. Rf7+
Ke8 68. Qh8# 1-0

[Event "World Youth Open U16 2016"]
[Site "Khanty-Mansiysk RUS"]
[Date "2016.09.30"]
[Round "8.4"]
[White "Raghunandan, Kaumandur Srihari"]
[Black "Tahbaz, Arash"]
[Result "0-1"]
[WhiteTitle "FM"]
[WhiteElo "2451"]
[BlackElo "2420"]
[WhiteFideId "25004964"]
[BlackFideId "12528846"]
[EventDate "2016.09.22"]

1. d4 d6 2. Nf3 Nd7 3. c4 e5 4. Nc3 Ngf6 5. e4 g6 6. Be2 Bg7 7. O-O O-O 8. Be3
c6 9. d5 c5 10. Nd2 Ne8 11. a3 f5 12. f3 f4 13. Bf2 g5 14. b4 b6 15. Qa4 a6 16.
Rab1 h5 17. Nb3 Rf6 18. Rfd1 Rg6 19. Qc6 Ra7 20. bxc5 bxc5 21. Na5 Rc7 22. Qa8
g4 23. Nc6 Qg5 24. Rd3 g3 25. hxg3 fxg3 26. Be3 Qh4 27. Kf1 Qh1+ 28. Bg1 Nf8 29.
Rb8 Bh3 30. gxh3 Qxh3+ 31. Ke1 Qh1 32. Kd2 Qxg1 33. Rxe8 g2 34. Rxf8+ Bxf8 35.
Qe8 Kg7 36. Nxe5 dxe5 37. Qxe5+ Kg8 38. Qxc7 Qa1 39. Kc2 g1=Q 40. Rd1 Qgxd1+ 41.
Bxd1 Rg2+ 42. Be2 Qe1 43. Kd3 h4 44. e5 h3 45. e6 Rg7 46. Qf4 Qg3 47. Qxg3 Rxg3
48. Ne4 Rg1 49. d6 Bxd6 50. Nxd6 Kf8 51. f4 h2 52. Bf3 Rd1+ 53. Ke2 Rxd6 54. f5
Rb6 55. Kf2 Rb2+ 56. Kg3 Rb3 0-1

[Event "World Youth Open U16 2016"]
[Site "Khanty-Mansiysk RUS"]
[Date "2016.09.30"]
[Round "8.5"]
[White "Sorokin, Aleksey"]
[Black "Tran, Minh Thang"]
[Result "1/2-1/2"]
[WhiteTitle "FM"]
[BlackTitle "FM"]
[WhiteElo "2437"]
[BlackElo "2293"]
[WhiteFideId "24176460"]
[BlackFideId "12401080"]
[EventDate "2016.09.22"]

1. d4 Nf6 2. c4 g6 3. Nc3 d5 4. Bg5 Bg7 5. Bxf6 Bxf6 6. cxd5 c5 7. dxc5 Nd7 8.
e3 Nxc5 9. Bb5+ Bd7 10. Bxd7+ Qxd7 11. Nge2 b5 12. b4 Na4 13. Nxa4 bxa4 14. Rb1
O-O 15. O-O Rfb8 16. e4 e6 17. dxe6 Qxe6 18. Qxa4 Qxe4 19. Ng3 Qd5 20. Rfc1 Qd4
21. Rd1 Qc4 22. Rbc1 Bc3 23. Qb3 Qxb3 24. axb3 Bxb4 25. Rd3 Bf8 26. Rc4 Rb5 27.
Rcd4 Rab8 28. Rd5 Rxb3 29. Rxb3 Rxb3 30. Ra5 Rb1+ 31. Nf1 1/2-1/2